004420000a2200133000450024501020000065000340010265000240013665000360016065000090019604100130020570000200021810000210023877300490025910aAcross-country analyses of biodiversity congruence and current conservation effort in the tropics14aPrioridades de conservación14aRiqueza de especies14aBiología de la conservación14aAves0 aInglés1 aLong, Adrian J.1 aBalmford, Andrew1 tConservation Biology324q1539-1547d1995g9